BIBLIOTHÈQUE DE LA MAISON DU MEXIQUE

Logo 1 Logo 2

Introducción a la ética (Registro nro. 12326)

Detalles MARC
000 -Sello discográfico
campo de control de longitud fija 01091nam a2200325 4500
005 - Identificación de versión
campo de control 20251016082618.0
035 ## - Otros números de control del sistema
Número de control del sistema 8402
099 ## - fechas locales
Tipo de ítem Koha LIBRO
100 ## - Datos de procesamiento general
Datos de procesamiento general 19930801d19671952m y1spay5003 ba
101 ## - Idioma del recurso
Idioma del texto, banda sonora, etc. Español; Castellano
Idioma de la obra original Alemán
105 ## - Campo de datos codificados: Material textual, monográfico
Datos codificados de monografía y 001zy
200 1# - Título y mención de responsabilidad
Título propio Introducción a la ética
Designación general del material texto impreso
Otra información del título las experiencias éticas fundamentales
Primer mención de responsabilidad Herman Nohl
Declaración de responsabilidad subsiguiente traducción de Mariana Frenk
205 ## - Declaración de edición
Declaración de edición 3a ed
210 ## - Publicación, distribución, etc.
Lugar de publicación, distribución, etc. México
Nombre del editor, distribuidor, etc. Fondo de Cultura Económica
Fecha de publicación, distribución, etc. 1967
215 ## - Descripción física
Designación de material específico y extensión del ítem 203 p
Dimensiones 17 cm
345 ## - Nota de información de adquisición
Fuente de adquisición/dirección de la suscripción [OBSOLETO] Donación
410 #1 - Series
Título Breviarios del Fondo de Cultura Económica
Número de volumen 70
454 #1 - Traducción de
Título Die Sittlichen Grunderfahrungen, Eine Einführung in die Ethik
606 ## - Término temático usado como materia
Elemento de entrada Etica
Subdivisión temática Estudio y enseñanza
Número Koha 18976
606 ## - Término temático usado como materia
Elemento de entrada Filosofía
Número Koha 1395
700 ## - Nombre personal - Responsabilidad primaria
Elemento de entrada Nohl
Parte del nombre distinta del elemento de entrada Herman
Fechas 1879-1960
Número Koha 18977
702 ## - Nombre personal - Responsabilidad secundaria
Elemento de entrada Frenk-Westheim
Parte del nombre distinta del elemento de entrada Mariana
Fechas 1898-2004
Número Koha 2945
801 #0 - Fuente de origen
Agencia cm
900 ## -
-- 1/9117
900 ## -
-- 710934777\\010893
942 ## - ELEMENTOS DE ENTRADA SECUNDARIOS (KOHA)
Tipo de ítem Koha Libro
996 ## -
-- MEX
-- 751145101
-- MMAG
-- 004552
-- 082.1 B846 V.70
-- 20210209LIV
Existencias
Estatus retirado Estado de daño Estado de pérdida Fecha de adquisición Biblioteca de origen Biblioteca actual Ubicación en estantería Código de barras Precio de reemplazo Signatura topográfica completa No para préstamo Tipo de ítem Koha Nota pública Nota no pública
      05/08/2025 Casa México Paris Casa México Paris   004552 05/08/2025 082.1 B846 V.70   Libro 20210209LIV 751145101